Analýza a projektovanie vzťahov medzi diferenciáciou miezd, príjmov a výdavkov obyvateľstva

Guardado en:
Detalles Bibliográficos
Formato: Libro
Lenguaje:eslovaco
Publicado: Bratislava Výskumné výpočtové stredisko 1982
Colección:Výskumné práce č. 247
Etiquetas: Agregar Etiqueta
Sin Etiquetas, Sea el primero en etiquetar este registro!

MARC

LEADER 00000nam a2200000 4500
001 c130366
005 20041019155249.2
041 0 |a slo 
044 |a SK 
245 1 0 |a Analýza a projektovanie vzťahov medzi diferenciáciou miezd, príjmov a výdavkov obyvateľstva 
264 1 |a Bratislava  |b Výskumné výpočtové stredisko  |c 1982 
300 |a 111 s. 
490 1 |a Výskumné práce  |v č. 247 
830 0 |a Výskumné práce  |v č. 247